Normal view
MARC view
- Supervisor Dr. Muhammad Bilal Malik
Entry Corporate Name
001 - CONTROL NUMBER
- control field: 84161
003 - CONTROL NUMBER IDENTIFIER
- control field: NUST
005 - DATE AND TIME OF LATEST TRANSACTION
- control field: 20211115165750.0
008 - FIXED-LENGTH DATA ELEMENTS
- fixed length control field: 211115|| aca||aabn | a|a d
040 ## - CATALOGING SOURCE
- Original cataloging agency: NUST
- Transcribing agency: NUST
110 ## - HEADING--CORPORATE NAME
- Corporate name or jurisdiction name as entry element: Supervisor Dr. Muhammad Bilal Malik
670 ## - SOURCE DATA FOUND
- Source citation: Work cat.: (NUST)527352: Baig, Nauman Anwar 18564, High Resolution Target Localization using Rotation Linear Array Radar /, 2017.
